00982cam a22002293a 45000010005000000030006000050050017000110080041000280400015000690420007000840500007000911000037000982450075001352600029002105050366002395060030006055160020006356530016006556530012006718300028006838560041007114908PGUSA20140828083111.0040101s2004||||xxu|||||s|||||000 | eng d aPGUSAbeng adc 4aQC1 aMaxwell, James Clerk,d1831-187910aFive of Maxwell's Papersh[electronic resource] /cJames Clerk Maxwell bProject Gutenberg,c20040 aOn the unequal sensibility of the Foramen Centrale to light of different colours -- On the theory of compound colours with reference to mixtures of blue and yellow light -- On an instrument to illustrate Poinsot's theory of rotation -- Address to the Mathematical and Physical Sections of the British Association -- Introductory lecture on experimental physics. aPublic domain in the USA. aElectronic text aMathematics aPhysics 0aProject Gutenbergv490840uhttp://www.gutenberg.org/ebooks/4908